000 00273nam a22001337a 4500
003 SGT
082 _bALL
100 _aALLARD, ROBERT W.
245 _aPRINCIPLES OF PLANT BREEDING
250 _a2ND
260 _bCBS PUBLISHER
_c2018
300 _a254
942 _2ddc
_cBK
_03
999 _c15412
_d15412